| 000 | 00654nam a22001935i 4500 | ||
|---|---|---|---|
| 001 | 183291 | ||
| 003 | ES-MaACL | ||
| 005 | 20230906221845.0 | ||
| 008 | 140206s1989 sp | |||| ||spa d | ||
| 020 | _a84-7719-165-4 | ||
| 080 | _a946.0".../414"(093) | ||
| 245 | 0 | 0 |
_aTextos de España antigua _b: selección y comentarios / _cManuel Abilio Rabanal Alonso. |
| 260 |
_aLeón : _bUniversidad, Secretariado de Publicaciones, _cD.L. 1989. |
||
| 300 |
_a215 p. ; _c21 cm. |
||
| 504 | _aBibliografía: p. 199-215. | ||
| 651 | 4 |
_aEspaña- _xHistoria- _yHasta 414. _9148016 |
|
| 700 | 0 |
_aRabanal Alonso, Manuel Abilio. _994835 |
|
| 852 |
_aES-MaACL _jL-30038 |
||
| 999 |
_c183291 _d183291 |
||